Grammar practice activities : A practical guide for teachers /
For the teacher who wishes to combine grammar teaching with a broadly communicative methodology, this book is an invaluable resource.
Đã lưu trong:
| Príomhúdar: | |
|---|---|
| Formáid: | Leabhar |
| Teanga: | English |
| Foilsithe: |
Cambridge :
Cambridge University Press,
1988.
|
| Ábhair: | |
| Clibeanna: |
Cuir Clib Leis
Gan Chlibeanna, Bí ar an gcéad duine leis an taifead seo a chlibeáil!
|
| Thư viện lưu trữ: | Mạng thư viện Đại học Đà Nẵng |
|---|
| LEADER | 01260nam a2200337 a 4500 | ||
|---|---|---|---|
| 001 | 000041686 | ||
| 003 | 2131 | ||
| 005 | 20190727094412.0 | ||
| 008 | 171030s1988 | ||
| 020 | |a 0521338476 | ||
| 040 | |a lnn |c lnn |d lnn | ||
| 041 | 0 | |a eng | |
| 082 | 1 | 4 | |a 428.007 |b UR-P |
| 100 | 1 | |a Ur, Penny. | |
| 245 | 0 | 0 | |a Grammar practice activities : |b A practical guide for teachers / |c Penny Ur. |
| 260 | |a Cambridge : |b Cambridge University Press, |c 1988. | ||
| 300 | |a 288p. ; |c 22,5cm. | ||
| 520 | 3 | |a For the teacher who wishes to combine grammar teaching with a broadly communicative methodology, this book is an invaluable resource. | |
| 630 | 0 | 4 | |a English language. |
| 630 | 0 | 4 | |a English grammar. |
| 650 | 0 | 4 | |a English language |x Grammar. |
| 650 | 0 | 4 | |a English language |x Study and teaching |x Foreign speakers. |
| OWN | |a LNN | ||
| AVA | |a UDN50 |b LNN |c English |d 428.01 UR-P |e available |t Error 5001 Not defined in file expand_doc_bib_avail. |f 1 |g 0 |h N |i 0 |j AN |k 1 | ||
| 999 | |a From the UDN01 | ||
| AVA | |a UDN50 |b LNN |c English |d 428.01 UR-P |e available |t Error 5001 Not defined in file expand_doc_bib_avail. |f 1 |g 0 |h N |i 0 |j AN |k 1 | ||
| TYP | |a Monograph | ||
| TYP | |a Printed language | ||
| 980 | |a Mạng thư viện Đại học Đà Nẵng | ||


